000 00449nam a2200181Ia 4500
001 987
005 20260306140558.0
008 260306t1991||||xx |||||||||||||| ||spa||
041 _aESP
082 _a176
_bO65
100 _aFuenzalida-Puelma, Hernán
_eAUT
245 0 _aAportes de la ética y el derecho al estudio del Sida
260 _c1991
300 _a304 páginas :
_c28 cm.
650 _aGEN
654 _aCHU
942 _cLIB
_dJUS
_fJUS
_2ddc
_n
999 _c987
_d987